000
00349nam a2200157Ia 4500
003
0STCL
008
150530s9999 xx 000 0 und d
040
_a
STCL
_c
STCL
100
_a
Satish Kumar
245
_a
Cla and the thrid World
260
_b
Vikas
_c
1981
546
_a
English
942
_2
ddc
_c
BK
999
_c
68835
_d
68835
005
20220125171407.0